[Event "Sautron op 15th"]
[Site "Sautron"]
[Date "2015.10.23"]
[Round "8.29"]
[White "Martinez, Jean Philippe"]
[Black "Binard, Vianney"]
[Result "1/2-1/2"]
[WhiteElo "1961"]
[BlackElo "1771"]
[PlyCount "75"]
[EventDate "2015.10.24"]
[EventType "swiss"]
[EventRounds "9"]
[EventCountry "FRA"]
[SourceTitle "EXT 2019"]
[Source "ChessBase"]
[SourceDate "2018.10.10"]
[SourceVersion "1"]
[SourceVersionDate "2018.10.10"]
[SourceQuality "1"]

1. Nf3 Nc6 2. c4 e5 3. Nc3 f5 4. d4 e4 5. Ng5 Bb4 6. a3 Bxc3+ 7. bxc3 d6 8. h4 Nf6 9. Nh3 0-0 10. Nf4 Qe8 11. e3 Na5 12. Nd5 Nxd5 13. cxd5 Bd7 14. Rb1 b6 15. Rb4 Qf7 16. c4 Rac8 17. g3 Nb7 18. Rb1 Na5 19. Be2 Rb8 20. Bd2 Nb7 21. Qb3 Qe8 22. Qb4 Qg6 23. Qb2 Rbe8 24. h5 Qg5 25. Qb3 Rf6 26. Bc3 Na5 27. Bxa5 bxa5 28. Qb7 Bc8 29. Qxa7 f4 30. exf4 Qf5 31. Rb8 Rff8 32. Rxc8 Rxc8 33. 0-0 Qh3 34. Qxa5 e3 35. Qc3 Rfe8 36. c5 Qf5 37. Bf3 exf2+ 38. Kxf2 1/2-1/2

[Event "Sautron op 14th"]
[Site "Sautron"]
[Date "2014.10.26"]
[Round "4"]
[White "Najart, David"]
[Black "Binard, Vianney"]
[Result "1-0"]
[WhiteElo "2150"]
[BlackElo "1843"]
[PlyCount "91"]
[EventDate "2014.10.26"]
[EventType "swiss"]
[EventRounds "9"]
[EventCountry "FRA"]
[SourceTitle "EXT 2016"]
[Source "ChessBase"]
[SourceDate "2015.10.08"]
[SourceVersion "1"]
[SourceVersionDate "2015.10.08"]
[SourceQuality "1"]

1. c4 e5 2. g3 Nc6 3. Bg2 f5 4. Nc3 Nf6 5. e3 d6 6. Nge2 g6 7. 0-0 Bg7 8. d4 0-0 9. Rb1 Nh5 10. f4 e4 11. g4 Nf6 12. gxf5 gxf5 13. d5 Nb4 14. Ng3 Nd3 15. Bh3 Ne8 16. Bd2 Qh4 17. Qh5 Bf6 18. Qxh4 Bxh4 19. Rfd1 Rf6 20. Bf1 Nc5 21. b4 Nd7 22. Be1 Rg6 23. Be2 Ndf6 24. Kf1 Ng4 25. Bxg4 Rxg4 26. Nb5 Bd7 27. Nd4 Ng7 28. c5 Bf6 29. Nge2 a6 30. Rdc1 Bb5 31. Nxb5 axb5 32. cxd6 cxd6 33. Bc3 Bd8 34. Rb2 Bb6 35. Bd4 Bxd4 36. Nxd4 Ra3 37. Rc8+ Kf7 38. Rc7+ Kf6 39. Nb3 Ra8 40. Rbc2 Ra4 41. Rd7 Ne8 42. Rxb7 Rxb4 43. Rxh7 Rc4 44. Rxc4 bxc4 45. Nd4 c3 46. a4 1-0

[Event "Sautron op 14th"]
[Site "Sautron"]
[Date "2014.10.26"]
[Round "8"]
[White "Roussel, Glenn"]
[Black "Binard, Vianney"]
[Result "1-0"]
[WhiteElo "2002"]
[BlackElo "1843"]
[PlyCount "53"]
[EventDate "2014.10.26"]
[EventType "swiss"]
[EventRounds "9"]
[EventCountry "FRA"]
[SourceTitle "EXT 2016"]
[Source "ChessBase"]
[SourceDate "2015.10.08"]
[SourceVersion "1"]
[SourceVersionDate "2015.10.08"]
[SourceQuality "1"]

1. e4 c5 2. Nc3 Nc6 3. Bb5 Nd4 4. Bc4 g6 5. Nf3 Bg7 6. Nxd4 cxd4 7. Qf3 Nf6 8. Nb5 0-0 9. Nxd4 d5 10. exd5 Ng4 11. Ne2 Ne5 12. Qb3 Nxc4 13. Qxc4 Bf5 14. d3 Rc8 15. Qb3 Re8 16. 0-0 e6 17. Ng3 Qh4 18. Nxf5 exf5 19. c3 Re2 20. g3 Qg4 21. d4 g5 22. Qb5 Qf3 23. Bxg5 Rce8 24. d6 f6 25. Bf4 h5 26. d7 Rd8 27. Rae1 1-0

[Event "Rennes op 3th"]
[Site "Rennes"]
[Date "2010.07.18"]
[Round "3"]
[White "Binard, Vianney"]
[Black "Lejarre, Ludovic"]
[Result "0-1"]
[WhiteElo "1770"]
[BlackElo "2385"]
[PlyCount "90"]
[EventDate "2010.07.17"]
[EventType "swiss"]
[EventRounds "9"]
[EventCountry "FRA"]
[SourceTitle "EXT 2011"]
[Source "ChessBase"]
[SourceDate "2010.11.26"]
[SourceVersion "1"]
[SourceVersionDate "2010.11.26"]
[SourceQuality "1"]

1. e4 e5 2. Nf3 Nc6 3. Bb5 a6 4. Ba4 Nf6 5. 0-0 Be7 6. Re1 b5 7. Bb3 d6 8. c3 0-0 9. d4 Bg4 10. d5 Na5 11. Bc2 c6 12. h3 Bxf3 13. Qxf3 cxd5 14. exd5 Nc4 15. Be3 Nxb2 16. Nd2 Rc8 17. Rab1 Nc4 18. Nxc4 Rxc4 19. Bd2 Rc5 20. Bb3 Nd7 21. Re4 f5 22. Rb4 a5 23. Be3 axb4 24. Bxc5 Nxc5 25. cxb4 Nxb3 26. Qxb3 Qb6 27. Qd3 e4 28. Qd2 f4 29. Re1 e3 30. fxe3 Bh4 31. Re2 Re8 32. Qc2 Rxe3 33. Kf1 Rxe2 34. Qxe2 Qe3 35. Qxe3 fxe3 36. Ke2 Bg5 37. h4 Bxh4 38. Kxe3 Kf7 39. Kf4 Bf6 40. Kf5 Bc3 41. Kg5 Bxb4 42. Kf5 g6+ 43. Ke4 Kf6 44. Kf4 h5 45. g3 g5+ 0-1